hilarious, heartwarming, and wholesome as heek: (Record no. 9411)
[ view plain ]
| 000 -LEADER | |
|---|---|
| fixed length control field | 00929nam a22001937a 4500 |
| 003 - CONTROL NUMBER IDENTIFIER | |
| control field | OSt |
| 005 - DATE AND TIME OF LATEST TRANSACTION | |
| control field | 20260414084422.0 |
| 008 - FIXED-LENGTH DATA ELEMENTS--GENERAL INFORMATION | |
| fixed length control field | 260414b |||||||| |||| 00| 0 eng d |
| 040 ## - CATALOGING SOURCE | |
| Original cataloging agency | DWCL GS lib |
| Transcribing agency | OC |
| 082 ## - DEWEY DECIMAL CLASSIFICATION NUMBER | |
| Classification number | Fic. B178 2023 |
| 100 ## - MAIN ENTRY--PERSONAL NAME | |
| Personal name | Baldree, Travis |
| 245 ## - TITLE STATEMENT | |
| Title | hilarious, heartwarming, and wholesome as heek: |
| Remainder of title | bookshops & bonedust |
| Statement of responsibility, etc. | Travis Baldree |
| 260 ## - PUBLICATION, DISTRIBUTION, ETC. | |
| Place of publication, distribution, etc. | New York |
| Name of publisher, distributor, etc. | Tor publishing group |
| Date of publication, distribution, etc. | c2023 |
| 300 ## - PHYSICAL DESCRIPTION | |
| Extent | 332 |
| Dimensions | 21cm |
| 520 ## - SUMMARY, ETC. | |
| Summary, etc. | Bookshops & Bonedust by Travis Baldree is a cozy high-fantasy prequel to Legends & Lattes. It follows a young, wounded orc mercenary named Viv, who is forced to recuperate in the sleepy beach town of Murk, where she discovers a love for books, forms new friendships, finds romance, and accidentally uncovers a dark, necromantic mystery. |
| 546 ## - LANGUAGE NOTE | |
| Language note | English |
| 700 ## - ADDED ENTRY--PERSONAL NAME | |
| Personal name | Travis Baldree |
| 942 ## - ADDED ENTRY ELEMENTS (KOHA) | |
| Source of classification or shelving scheme | Dewey Decimal Classification |
| Koha item type | Fiction |
| Classification part | Fic. B178 2023 |
| Suppress in OPAC | No |
| 952 ## - LOCATION AND ITEM INFORMATION (KOHA) | |
| -- | |
| Withdrawn status | Lost status | Source of classification or shelving scheme | Damaged status | Not for loan | Home library | Current library | Shelving location | Date acquired | Source of acquisition | Total Checkouts | Full call number | Date last seen | Price effective from | Koha item type | Uniform Resource Identifier |
|---|---|---|---|---|---|---|---|---|---|---|---|---|---|---|---|
| Dewey Decimal Classification | Grade School Library | Grade School Library | Fiction | 04/14/2026 | School Fund, Donation | Fic. B178 2023 | 04/14/2026 | 04/14/2026 | FIC. |